[Event "14. Sparkassen Open 2015 - Gruppe C"]
[Site "Forchheim"]
[Date "2015.10.04"]
[Round "4.33"]
[White "Tiggemann, Felix"]
[Black "Gehrke, Jakob"]
[Result "1/2-1/2"]
[WhiteElo "802"]
[BlackElo "1328"]
[PlyCount "45"]
[EventDate "2015.??.??"]
[WhiteTeam "SF Schöneck"]
[BlackTeam "TV Tegernsee"]

1. e4 e5 2. Nf3 Nc6 3. Bc4 Nf6 4. d4 exd4 5. e5 Ne4 6. Bd5 Nc5 7. Bxc6 dxc6 8.
Nxd4 Ne6 9. Be3 Nxd4 10. Bxd4 c5 11. Be3 Qxd1+ 12. Kxd1 Bf5 13. Ke2 Bxc2 14.
Rc1 Bxb1 15. Raxb1 b6 16. b4 Be7 17. bxc5 O-O 18. cxb6 axb6 19. Rxc7 Rxa2+ 20.
Kf1 Bd8 21. Rd7 Ra6 22. Rd6 Ra8 23. f4 1/2-1/2

[Event "14. Sparkassen Open 2015 - Gruppe C"]
[Site "Forchheim"]
[Date "2015.10.04"]
[Round "4.36"]
[White "Erdösi, Anna"]
[Black "Fuhrmann, Elias"]
[Result "1-0"]
[WhiteElo "1204"]
[BlackElo "811"]
[PlyCount "61"]
[EventDate "2015.??.??"]
[WhiteTeam "TV Tegernsee"]
[BlackTeam "TV Tegernsee"]

1. e4 c5 2. Nf3 d6 3. d4 cxd4 4. Nxd4 Nf6 5. Nc3 g6 6. Be3 Bg7 7. f3 O-O 8. Qd2
Nc6 9. O-O-O d5 10. Nxc6 bxc6 11. exd5 cxd5 12. Nxd5 Nxd5 13. Qxd5 Qb6 14. Bxb6
Rb8 15. b3 Rxb6 16. Be2 Ba6 17. Bxa6 Rxa6 18. a4 Rd6 19. Qb7 Re6 20. Qxa7 Re2
21. Rhg1 Bh6+ 22. Kb1 Bg7 23. Rde1 Rd2 24. Qxe7 Rdd8 25. Rd1 Rfe8 26. Rxd8 Rxd8
27. Qxd8+ Bf8 28. Re1 Kg7 29. Re8 Bc5 30. Rg8+ Kh6 31. Qh4# 1-0

[Event "14. Sparkassen Open 2015 - Gruppe C"]
[Site "Forchheim"]
[Date "2015.10.04"]
[Round "4.37"]
[White "Hoffmann, Steffen"]
[Black "Seitz, Stefan"]
[Result "1-0"]
[WhiteElo "1407"]
[BlackElo "705"]
[PlyCount "55"]
[EventDate "2015.??.??"]
[WhiteTeam "SC Noris-Tarrasch Nürnberg"]
[BlackTeam "SC Forchheim"]

1. e4 e5 2. Nf3 Nc6 3. Nc3 Nf6 4. d4 Qe7 5. dxe5 Nxe5 6. Bf4 d6 7. Bb5+ Bd7 8.
Bxd7+ Nexd7 9. O-O Nxe4 10. Nxe4 Qxe4 11. Re1 Qxe1+ 12. Qxe1+ Be7 13. Qb4 Nc5
14. Re1 a5 15. Qc4 Rc8 16. Ng5 Kd7 17. Re3 Rhe8 18. g3 c6 19. Qxf7 h6 20. Qf5+
Kc7 21. Ne6+ Kb6 22. Nxc5 dxc5 23. Rb3+ Ka7 24. Qd7 Rb8 25. Bxb8+ Rxb8 26. Qxe7
Ka6 27. Qxc5 Rd8 28. Qb6# 1-0

[Event "14. Sparkassen Open 2015 - Gruppe C"]
[Site "Forchheim"]
[Date "2015.10.04"]
[Round "4.38"]
[White "Bergmann, Thomas"]
[Black "Stark, Amalia"]
[Result "0-1"]
[WhiteElo "1178"]
[BlackElo "854"]
[PlyCount "74"]
[EventDate "2015.??.??"]
[WhiteTeam "SC Eggerbachtal"]
[BlackTeam "SK Rothenburg"]

1. e4 e6 2. d4 d5 3. e5 c5 4. Nf3 Nc6 5. Be3 Qb6 6. b3 cxd4 7. Nxd4 Bb4+ 8. c3
Bc5 9. Qg4 g6 10. Qh4 Be7 11. Qg4 f6 12. exf6 Nxf6 13. Qh3 e5 14. Ne6 d4 15.
Bd2 Nd8 16. Ng7+ Kf7 17. Qh6 Ng4 18. Bc4+ Be6 19. Bxe6+ Nxe6 20. Qh3 Nxf2 21.
Qf3+ Kxg7 22. Qxf2 dxc3 23. Be3 Bc5 24. Bxc5 Nxc5 25. O-O Rhf8 26. Qe3 Rxf1+
27. Kxf1 Rf8+ 28. Ke2 Qb5+ 29. Kd1 Rf1+ 30. Kc2 Qc6 31. Qxe5+ Rf6 32. Qxc3
Qxg2+ 33. Nd2 Ne4 34. Kb2 Nxc3 35. Kxc3 Rc6+ 36. Kb2 Qxd2+ 37. Ka3 Ra6# 0-1

[Event "14. Sparkassen Open 2015 - Gruppe C"]
[Site "Forchheim"]
[Date "2015.10.04"]
[Round "4.40"]
[White "Siebert, Maxim"]
[Black "Irnstorfer, Maximilian"]
[Result "1-0"]
[WhiteElo "923"]
[BlackElo "794"]
[PlyCount "55"]
[EventDate "2015.??.??"]
[WhiteTeam "SF Bad Mergentheim"]
[BlackTeam "SC Forchheim"]

1. e4 e5 2. Nf3 d6 3. Bc4 Nf6 4. Nc3 Bg4 5. h3 Be6 6. Bb3 d5 7. Nxe5 dxe4 8. f3
Bd5 9. Bxd5 Nxd5 10. fxe4 Nxc3 11. bxc3 Qh4+ 12. Kf1 Qxe4 13. Kf2 Bc5+ 14. d4
Nc6 15. Nf3 Bd6 16. Re1 f5 17. Ng5 Qxe1+ 18. Qxe1+ Ne7 19. c4 c5 20. d5 O-O-O
21. Nf7 Rde8 22. Nxh8 Rxh8 23. Bb2 Rg8 24. Qe6+ Kd8 25. Qxd6+ Ke8 26. Re1 Kf7
27. Qe6+ Kf8 28. Qxe7# 1-0

[Event "14. Sparkassen Open 2015 - Gruppe C"]
[Site "Forchheim"]
[Date "2015.10.04"]
[Round "5.2"]
[White "Knoll, Ernst"]
[Black "Homi, Joseph"]
[Result "1-0"]
[WhiteElo "1515"]
[BlackElo "1495"]
[PlyCount "47"]
[EventDate "2015.??.??"]
[WhiteTeam "Schachtreff Röttenbach"]
[BlackTeam "SGem Fürth"]

1. c4 Nf6 2. Nc3 c5 3. g3 Nc6 4. Bg2 e6 5. e3 Be7 6. Nge2 O-O 7. O-O d5 8. cxd5
exd5 9. d4 cxd4 10. exd4 Be6 11. Qb3 Qd7 12. Bf4 Na5 13. Qb5 Qxb5 14. Nxb5 a6
15. Nc7 Rac8 16. Nxe6 fxe6 17. Bh3 Kf7 18. Rac1 Rc6 19. Rxc6 Nxc6 20. a3 h6 21.
Be3 Na5 22. Nf4 Re8 23. Bxe6+ Kf8 24. Ng6# 1-0

[Event "14. Sparkassen Open 2015 - Gruppe C"]
[Site "Forchheim"]
[Date "2015.10.04"]
[Round "5.4"]
[White "Kirchner, Stefan"]
[Black "Eichenauer, Pascal"]
[Result "0-1"]
[WhiteElo "1497"]
[BlackElo "1564"]
[PlyCount "30"]
[EventDate "2015.??.??"]
[WhiteTeam "SF Schöneck"]
[BlackTeam "SV Würzburg"]

1. e4 c5 2. Nf3 g6 3. d4 cxd4 4. Nxd4 Bg7 5. Be3 Nc6 6. Qd2 Nf6 7. f3 e5 8. Nb3
d5 9. exd5 Nxd5 10. Bh6 Qh4+ 11. g3 Qxh6 12. Qxd5 Be6 13. Qe4 Bxb3 14. axb3
Qc1+ 15. Kf2 Qxb2 0-1

[Event "14. Sparkassen Open 2015 - Gruppe C"]
[Site "Forchheim"]
[Date "2015.10.04"]
[Round "5.5"]
[White "Dresel, Martin"]
[Black "Splitgerber, Michael"]
[Result "0-1"]
[WhiteElo "1699"]
[BlackElo "1563"]
[PlyCount "58"]
[EventDate "2015.??.??"]
[WhiteTeam "SC Erlangen"]
[BlackTeam "vereinslos"]

1. d4 f5 2. Nf3 Nf6 3. c4 e6 4. Nc3 d6 5. e3 Nc6 6. b3 h6 7. d5 Ne7 8. dxe6
Bxe6 9. Bb2 g5 10. Nb5 Bg7 11. Nbd4 Bf7 12. Bd3 Qd7 13. Qc2 Bg6 14. Rd1 O-O 15.
O-O Rae8 16. Rfe1 Ng4 17. Ne2 Nc6 18. Bxg7 Qxg7 19. Ned4 Nce5 20. h3 Nxd3 21.
Qxd3 Nf6 22. Qd2 Ne4 23. Qc1 g4 24. hxg4 fxg4 25. Nh4 Nxf2 26. Nxg6 Qxg6 27.
Rd2 g3 28. Ree2 Qh5 29. Rxf2 Qh2+ 0-1

[Event "14. Sparkassen Open 2015 - Gruppe C"]
[Site "Forchheim"]
[Date "2015.10.04"]
[Round "5.6"]
[White "Roesner, Rolf"]
[Black "Klinkhammer, Christopher"]
[Result "1/2-1/2"]
[WhiteElo "1425"]
[BlackElo "1503"]
[PlyCount "55"]
[EventDate "2015.??.??"]
[WhiteTeam "SC Erlangen"]
[BlackTeam "SG Siemens Amberg"]

1. d4 Nf6 2. c4 e6 3. Nc3 Bb4 4. Bd2 b6 5. e3 Bxc3 6. Bxc3 Ne4 7. Qc2 Nxc3 8.
Qxc3 Bb7 9. Ne2 O-O 10. Ng3 f5 11. h4 Qf6 12. Nh5 Qh6 13. Nf4 g5 14. Nd3 gxh4
15. d5 Rf6 16. dxe6 dxe6 17. Nf4 Nd7 18. b4 Rd8 19. c5 e5 20. Bc4+ Kh8 21. Nd5
Bxd5 22. Bxd5 Nxc5 23. bxc5 Rxd5 24. cxb6 cxb6 25. Qc4 Rc5 26. Qxh4 Qxh4 27.
Rxh4 Rd6 28. Rd1 1/2-1/2

[Event "14. Sparkassen Open 2015 - Gruppe C"]
[Site "Forchheim"]
[Date "2015.10.04"]
[Round "5.7"]
[White "Trefflich, Marcus"]
[Black "Hackner, Felix"]
[Result "0-1"]
[WhiteElo "1421"]
[BlackElo "1486"]
[PlyCount "116"]
[EventDate "2015.??.??"]
[WhiteTeam "SC Treuchtlingen"]
[BlackTeam "SC Kreut"]

1. c4 e5 2. g3 Nf6 3. Bg2 d6 4. d3 h6 5. Nf3 Be6 6. O-O c6 7. Nc3 Nbd7 8. Rb1
Be7 9. Bd2 O-O 10. b4 d5 11. cxd5 cxd5 12. a3 Rc8 13. Rc1 a6 14. Na4 b5 15. Nc5
Nxc5 16. bxc5 e4 17. Nd4 Bxc5 18. Nxe6 fxe6 19. dxe4 dxe4 20. Bb4 Qb6 21. Bxc5
Rxc5 22. Rxc5 Qxc5 23. Qb3 Qd5 24. Qe3 Rc8 25. Bh3 Rc6 26. Rc1 Rxc1+ 27. Qxc1
Kf7 28. Qc7+ Qd7 29. Qc2 g5 30. Bg2 Qd4 31. Qc1 Nd5 32. e3 Qd3 33. Qc5 Nc3 34.
Bf1 Qc2 35. Qa7+ Kf6 36. Qxa6 Qa4 37. Qd6 Nb1 38. Qf8+ Kg6 39. Qe8+ Kf6 40.
Qxb5 Qxb5 41. Bxb5 Nxa3 42. Be2 Nc2 43. h3 Ne1 44. Kf1 Nf3 45. Bxf3 exf3 46.
Kg1 Ke5 47. g4 Ke4 48. Kh2 Kd3 49. Kg3 Ke2 50. e4 e5 51. h4 gxh4+ 52. Kxh4 Kxf2
53. Kh5 Kg3 54. g5 hxg5 55. Kxg5 f2 56. Kf5 f1=Q+ 57. Kxe5 Qf4+ 58. Kd5 Kg4 0-1

[Event "14. Sparkassen Open 2015 - Gruppe C"]
[Site "Forchheim"]
[Date "2015.10.04"]
[Round "5.8"]
[White "Schwarz, Matthias"]
[Black "Wirtz-Stark, Jürgen"]
[Result "1-0"]
[WhiteElo "1633"]
[BlackElo "1072"]
[PlyCount "67"]
[EventDate "2015.??.??"]
[WhiteTeam "SG Idstein"]
[BlackTeam "SK Rothenburg"]

1. e4 e6 2. d4 d5 3. Nc3 c5 4. exd5 exd5 5. dxc5 d4 6. Bb5+ Nc6 7. Nce2 Bxc5 8.
Nf3 Nge7 9. O-O a6 10. Bd3 h6 11. h3 Bf5 12. Ng3 Bxd3 13. Qxd3 Nb4 14. Qe4 d3
15. cxd3 Qxd3 16. Qxb7 O-O 17. Ne5 Qc2 18. Bf4 Nd3 19. Nxd3 Qxd3 20. Rac1 Rfc8
21. Rxc5 Rxc5 22. Qxa8+ Rc8 23. Qb7 Kf8 24. Re1 Re8 25. Qe4 Qb5 26. Bd6 Qg5 27.
Nf5 Qd2 28. Bxe7+ Kg8 29. Qe5 f6 30. Qe6+ Kh7 31. Nxg7 Rg8 32. Bxf6 Rxg7 33.
Qf5+ Rg6 34. Re7+ 1-0

[Event "14. Sparkassen Open 2015 - Gruppe C"]
[Site "Forchheim"]
[Date "2015.10.04"]
[Round "5.11"]
[White "Sroka, Dieter"]
[Black "Heller, Thomas"]
[Result "1/2-1/2"]
[WhiteElo "1739"]
[BlackElo "1379"]
[PlyCount "42"]
[EventDate "2015.??.??"]
[WhiteTeam "SC  JÄKLECHEMIE"]
[BlackTeam "SC Forchheim"]

1. d4 d5 2. g3 Nf6 3. Bg2 e6 4. Nf3 c5 5. c3 Be7 6. O-O O-O 7. Nbd2 c4 8. Ne5
Nbd7 9. Nxd7 Bxd7 10. e4 Bc6 11. e5 Ne8 12. f4 f5 13. exf6 Bxf6 14. Nf3 Nd6 15.
Qe2 Qe7 16. Ne5 Be8 17. Re1 Nf7 18. Ng4 Bd7 19. Ne3 a5 20. Nxd5 exd5 21. Qxe7
Bxe7 1/2-1/2

[Event "14. Sparkassen Open 2015 - Gruppe C"]
[Site "Forchheim"]
[Date "2015.10.04"]
[Round "5.12"]
[White "Wagner, Thomas"]
[Black "Bardorz, Christoph"]
[Result "1/2-1/2"]
[WhiteElo "1352"]
[BlackElo "1552"]
[PlyCount "68"]
[EventDate "2015.??.??"]
[WhiteTeam "vereinslos"]
[BlackTeam "TSV Rottendorf"]

1. e4 e5 2. f4 exf4 3. Nf3 d5 4. exd5 Nf6 5. Bc4 Bd6 6. O-O O-O 7. d3 c6 8. Nc3
cxd5 9. Nxd5 Nxd5 10. Bxd5 Bc5+ 11. d4 Qxd5 12. dxc5 Qxc5+ 13. Kh1 Nc6 14. Bxf4
Qb4 15. Bd6 Qxb2 16. Bxf8 Kxf8 17. Qd6+ Kg8 18. Ng5 Bf5 19. Nxf7 Rf8 20. Ng5
Rf6 21. Qd5+ Kf8 22. g4 Bxc2 23. Qc4 Bg6 24. Ne4 Bxe4+ 25. Qxe4 Rf2 26. Rxf2+
Qxf2 27. Qf5+ Qxf5 28. gxf5 Ke7 29. Rb1 b6 30. Rg1 Kf6 31. Rc1 Nd4 32. a4 a6
33. Rc4 Ke5 34. Rc7 Nxf5 1/2-1/2

[Event "14. Sparkassen Open 2015 - Gruppe C"]
[Site "Forchheim"]
[Date "2015.10.04"]
[Round "5.13"]
[White "Hanft, Günter"]
[Black "Weißig, Kersten"]
[Result "1-0"]
[WhiteElo "1715"]
[BlackElo "1235"]
[PlyCount "75"]
[EventDate "2015.??.??"]
[WhiteTeam "SC Bamberg"]
[BlackTeam "SV Deggendorf"]

1. e4 e5 2. Nf3 Nc6 3. Bc4 Nf6 4. d3 Bc5 5. c3 O-O 6. h3 Na5 7. Bb5 c6 8. Ba4
b5 9. Bc2 Bb6 10. b4 Nb7 11. Nxe5 Re8 12. Nf3 d5 13. e5 d4 14. O-O Nd7 15. cxd4
a5 16. Bd2 axb4 17. Bxb4 c5 18. dxc5 Nbxc5 19. d4 Ne6 20. Be4 Ra4 21. g3 Ng5
22. Nxg5 Qxg5 23. Nc3 Ra7 24. Nxb5 Ra6 25. Nd6 Rd8 26. Ba5 Nxe5 27. Nxc8 Rd5
28. Nxb6 Rxb6 29. f4 Qh4 30. fxe5 Rxd4 31. Qf3 f6 32. exf6 Rxf6 33. Qa3 Kf7 34.
Rxf6+ Qxf6 35. Rf1 Rd1 36. Qf3 Rxf1+ 37. Qxf1 Qxf1+ 38. Kxf1 1-0

[Event "14. Sparkassen Open 2015 - Gruppe C"]
[Site "Forchheim"]
[Date "2015.10.04"]
[Round "5.14"]
[White "Erdösi, Niko"]
[Black "Schad, Gerhard"]
[Result "0-1"]
[WhiteElo "1498"]
[BlackElo "1683"]
[PlyCount "94"]
[EventDate "2015.??.??"]
[WhiteTeam "TV Tegernsee"]
[BlackTeam "SV Neustadt/Aisch"]

1. e4 c6 2. d4 d5 3. e5 Bf5 4. Nf3 e6 5. Be2 Ne7 6. Nbd2 Nd7 7. Nf1 Bg6 8. Ng3
Nf5 9. Nxf5 Bxf5 10. c3 Be7 11. Be3 c5 12. Qd2 h6 13. Rc1 Rc8 14. O-O a6 15. h3
Nb6 16. b3 c4 17. Qb2 O-O 18. bxc4 dxc4 19. Rfd1 Qc7 20. Nd2 Na4 21. Qa1 Ba3
22. Nxc4 Qxc4 23. Bxc4 Bb2 24. Bb3 Bxa1 25. Rxa1 Nxc3 26. Re1 Rfd8 27. Rac1 Nb5
28. Rxc8 Rxc8 29. Rd1 Nc3 30. Re1 a5 31. Bd2 a4 32. Bxc3 axb3 33. Ba1 bxa2 34.
g4 Bg6 35. h4 Rc4 36. h5 Bh7 37. Kh2 Rb4 38. Re2 Bb1 39. Rb2 Rxd4 40. Rxb7 Rxg4
41. Kh3 Bf5 42. Kh2 Rh4+ 43. Kg2 Be4+ 44. Kg3 Rh1 45. Ra7 Rg1+ 46. Kf4 Bd5 47.
Rc7 Rf1 0-1

[Event "14. Sparkassen Open 2015 - Gruppe C"]
[Site "Forchheim"]
[Date "2015.10.04"]
[Round "5.15"]
[White "Schwarz, Dominik"]
[Black "Bardorz, Jana"]
[Result "1/2-1/2"]
[WhiteElo "1447"]
[BlackElo "1375"]
[PlyCount "34"]
[EventDate "2015.??.??"]
[WhiteTeam "SC Prichsenstadt"]
[BlackTeam "TSV Rottendorf"]

1. d4 d5 2. Nf3 Nc6 3. Bf4 Nf6 4. h3 Bf5 5. e3 e6 6. Bd3 Bg6 7. c3 Bd6 8. Ne5
Bxe5 9. dxe5 Nd7 10. Bb5 O-O 11. Bxc6 bxc6 12. Nd2 Rb8 13. b4 c5 14. a3 Bd3 15.
Nb3 c4 16. Nd4 Rb6 17. Qg4 f5 1/2-1/2

[Event "14. Sparkassen Open 2015 - Gruppe C"]
[Site "Forchheim"]
[Date "2015.10.04"]
[Round "5.17"]
[White "Albayrak, Atilla"]
[Black "Procelewski, Alexander"]
[Result "1-0"]
[WhiteElo "1419"]
[BlackElo "1147"]
[PlyCount "73"]
[EventDate "2015.??.??"]
[WhiteTeam "Zabo-Eintracht Nürnberg"]
[BlackTeam "SC Erlangen"]

1. d4 d5 2. c4 Nf6 3. Nc3 e6 4. Nf3 Bb4 5. Bg5 Nbd7 6. a3 Bxc3+ 7. bxc3 h6 8.
Bh4 g5 9. Bg3 Ne4 10. Qc2 b6 11. cxd5 exd5 12. e3 Bb7 13. Bb5 Qe7 14. Bxc7 Rc8
15. Be5 Rg8 16. O-O Nxc3 17. Bxd7+ Qxd7 18. Qh7 Rg6 19. Bg7 Qd6 20. Qg8+ Ke7
21. Qh7 Ba6 22. Ne5 Re6 23. Nxf7 Qc7 24. Rfe1 Ne2+ 25. Kh1 Qc2 26. Qxc2 Rxc2
27. Nxh6 Nc3 28. Ng4 Be2 29. Ne5 Ne4 30. Rac1 Rxc1 31. Rxc1 Kd8 32. f3 Nf6 33.
Nc6+ Kc7 34. Nb4+ Bc4 35. Bxf6 Rxf6 36. Nxd5+ Kd6 37. Nxf6 1-0

[Event "14. Sparkassen Open 2015 - Gruppe C"]
[Site "Forchheim"]
[Date "2015.10.04"]
[Round "5.18"]
[White "Kolb, Tobias"]
[Black "Heger, Heinz"]
[Result "1-0"]
[WhiteElo "1412"]
[BlackElo "1131"]
[PlyCount "81"]
[EventDate "2015.??.??"]
[WhiteTeam "SV Seubelsdorf"]
[BlackTeam "SC Forchheim"]

1. e4 e5 2. Nf3 Nc6 3. Bb5 Nge7 4. O-O a6 5. Ba4 b5 6. Bb3 Na5 7. Nxe5 Nxb3 8.
axb3 d6 9. Nf3 g6 10. d4 Bg7 11. Be3 O-O 12. Nbd2 f5 13. exf5 Nxf5 14. c3 Bb7
15. Bg5 Qd7 16. Re1 Rf7 17. Qe2 h6 18. Be3 Re8 19. Qd3 Re6 20. Re2 Rfe7 21.
Rae1 Qe8 22. h3 h5 23. Ng5 Rf6 24. Ngf3 Bh6 25. Bxh6 Nxh6 26. Rxe7 Qc6 27. Qe4
Qxe4 28. Nxe4 Rf8 29. Rxc7 Bd5 30. c4 bxc4 31. bxc4 Bf7 32. Nxd6 Nf5 33. Nxf7
Rxf7 34. Rxf7 Kxf7 35. g4 Nd6 36. b3 a5 37. gxh5 gxh5 38. Rc1 Kf6 39. c5 Nb5
40. c6 Ke7 41. c7 1-0

[Event "14. Sparkassen Open 2015 - Gruppe C"]
[Site "Forchheim"]
[Date "2015.10.04"]
[Round "5.20"]
[White "Hauck, Martin"]
[Black "Högner, Tom"]
[Result "0-1"]
[WhiteElo "1035"]
[BlackElo "1343"]
[PlyCount "78"]
[EventDate "2015.??.??"]
[WhiteTeam "SC Noris-Tarrasch Nürnberg"]
[BlackTeam "SC Erlangen"]

1. e4 e6 2. d4 d5 3. e5 c5 4. dxc5 Bxc5 5. Nf3 Qb6 6. Qe2 Ne7 7. Qb5+ Qxb5 8.
Bxb5+ Bd7 9. Bxd7+ Nxd7 10. Bg5 Ng6 11. O-O Ndxe5 12. Nxe5 Nxe5 13. Be3 Bxe3
14. fxe3 Nc4 15. Na3 Nxe3 16. Rf3 Nf5 17. c4 Ne7 18. cxd5 Nxd5 19. Raf1 f6 20.
Nc4 Rd8 21. g4 h6 22. Kg2 O-O 23. Na5 Rd7 24. Kg3 Kh7 25. Nb3 Rd6 26. Nd4 a6
27. h4 Ne7 28. h5 Rxd4 29. Re1 e5 30. Rc1 f5 31. Rc7 Rxg4+ 32. Kh3 e4 33. Re3
Nd5 34. Rxg7+ Kxg7 35. Rb3 b6 36. a4 e3 37. Rd3 e2 38. Rxd5 e1=Q 39. Rd7+ Rf7
0-1

[Event "14. Sparkassen Open 2015 - Gruppe C"]
[Site "Forchheim"]
[Date "2015.10.04"]
[Round "5.27"]
[White "Paeslack, Timo"]
[Black "Michel, Philipp"]
[Result "0-1"]
[WhiteElo "889"]
[BlackElo "1312"]
[PlyCount "64"]
[EventDate "2015.??.??"]
[WhiteTeam "SK Mainaschaff"]
[BlackTeam "SC Forchheim"]

1. e4 c6 2. Nf3 Nf6 3. Nc3 d5 4. e5 Ne4 5. Nxe4 dxe4 6. Ng5 Qd5 7. d4 exd3 8.
Bxd3 Qxe5+ 9. Be3 Qxb2 10. O-O g6 11. Bc4 e6 12. Bd4 Qb4 13. Bxh8 Qxc4 14. Qd3
Qxd3 15. cxd3 h6 16. Nh7 Nd7 17. Rfe1 b6 18. Rad1 Ba6 19. d4 O-O-O 20. Rc1 Ba3
21. Rxc6+ Kb7 22. Rc3 Bb4 23. Bf6 Nxf6 24. Nxf6 Bxc3 25. Rc1 Rxd4 26. g3 Rc4
27. Ne8 Be5 28. Rd1 Rd4 29. Rc1 Rd8 30. Re1 Rc8 31. Rd1 Bb5 32. Rd7+ Bxd7 0-1

[Event "14. Sparkassen Open 2015 - Gruppe C"]
[Site "Forchheim"]
[Date "2015.10.04"]
[Round "5.28"]
[White "Stark, Amalia"]
[Black "Hoffmann, Steffen"]
[Result "0-1"]
[WhiteElo "854"]
[BlackElo "1407"]
[PlyCount "56"]
[EventDate "2015.??.??"]
[WhiteTeam "SK Rothenburg"]
[BlackTeam "SC Noris-Tarrasch Nürnberg"]

1. e4 e5 2. Nf3 Nc6 3. Bc4 Nf6 4. Ng5 d5 5. Nxf7 Kxf7 6. exd5 Nd4 7. d6+ Be6 8.
c3 Bxc4 9. cxd4 Qxd6 10. Qa4 b5 11. Qc2 exd4 12. d3 Bd5 13. O-O Be7 14. Bd2
Rhe8 15. Na3 a6 16. Qc1 c5 17. Bf4 Qc6 18. Re1 Bxg2 19. Re2 Bh3 20. f3 Qxf3 21.
Qd2 Nd5 22. Rf2 Qg4+ 23. Bg3+ Kg8 24. Rc1 Bg5 25. Qc2 Bxc1 26. Qxc1 Rad8 27.
Qxc5 Re1+ 28. Rf1 Rxf1# 0-1

[Event "14. Sparkassen Open 2015 - Gruppe C"]
[Site "Forchheim"]
[Date "2015.10.04"]
[Round "5.29"]
[White "Haller, Inna"]
[Black "Roth, Ludwig"]
[Result "0-1"]
[WhiteElo "761"]
[BlackElo "1164"]
[PlyCount "58"]
[EventDate "2015.??.??"]
[WhiteTeam "Aschaffenburg-Schweinheim"]
[BlackTeam "Spvgg Stetten"]

1. e4 d6 2. d4 Nf6 3. Nc3 Nbd7 4. Nf3 g6 5. Bd3 Bg7 6. O-O e5 7. d5 O-O 8. Bg5
h6 9. Bh4 g5 10. Bg3 Nc5 11. h3 Nh5 12. Be2 Nxg3 13. fxg3 f5 14. Bd3 Nxd3 15.
Qxd3 f4 16. g4 c6 17. Ne2 Re8 18. c4 c5 19. b3 Kf7 20. Qc3 Rh8 21. b4 b6 22. b5
h5 23. Nh2 hxg4 24. Nxg4 Bxg4 25. Qg3 Bxe2 26. Rfc1 fxg3 27. Rc2 Bd3 28. Rd2
Bxe4 29. Rf1+ Ke8 0-1

[Event "14. Sparkassen Open 2015 - Gruppe C"]
[Site "Forchheim"]
[Date "2015.10.04"]
[Round "5.30"]
[White "Gehrke, Jakob"]
[Black "Schwitulla, Jochen"]
[Result "0-1"]
[WhiteElo "1328"]
[BlackElo "1029"]
[PlyCount "60"]
[EventDate "2015.??.??"]
[WhiteTeam "TV Tegernsee"]
[BlackTeam "Aschaffenburg-Schweinheim"]

1. e4 e5 2. Nf3 Nc6 3. Bc4 Nf6 4. d3 Bc5 5. Be3 Bxe3 6. fxe3 O-O 7. Nc3 d6 8.
d4 exd4 9. exd4 Ng4 10. Qd2 Qe7 11. Nd5 Qxe4+ 12. Qe2 Qxe2+ 13. Kxe2 Be6 14. h3
Nf6 15. Nxf6+ gxf6 16. Bxe6 fxe6 17. c3 Kf7 18. Nh4 Rg8 19. Rhg1 Rae8 20. Rad1
Ne7 21. b4 Nf5 22. Nxf5 exf5+ 23. Kf3 Rg6 24. a4 Reg8 25. a5 Rg3+ 26. Kf4 Rxc3
27. Kxf5 Rg5+ 28. Kf4 Kg6 29. h4 Rf5+ 30. Kg4 h5# 0-1

[Event "14. Sparkassen Open 2015 - Gruppe C"]
[Site "Forchheim"]
[Date "2015.10.04"]
[Round "5.31"]
[White "Held, Werner"]
[Black "Tiggemann, Felix"]
[Result "0-1"]
[WhiteElo "1111"]
[BlackElo "802"]
[PlyCount "52"]
[EventDate "2015.??.??"]
[WhiteTeam "Zabo-Eintracht Nürnberg"]
[BlackTeam "SF Schöneck"]

1. d4 e6 2. a3 d5 3. Nf3 c5 4. c3 Qb6 5. e3 a5 6. Nbd2 Nc6 7. Bd3 Nf6 8. h3 Bd6
9. Nb3 c4 10. Bc2 cxb3 11. Bxb3 a4 12. Bc2 O-O 13. Bxa4 Na5 14. b4 Nc4 15. g4
e5 16. g5 Ne4 17. Qe2 Bf5 18. Qd1 Nxc3 19. Qb3 Nxa4 20. h4 Be4 21. Rh3 f6 22.
Nd2 Nxd2 23. Bxd2 exd4 24. f3 dxe3 25. fxe4 exd2+ 26. Kxd2 Qd4+ 0-1

[Event "14. Sparkassen Open 2015 - Gruppe C"]
[Site "Forchheim"]
[Date "2015.10.04"]
[Round "5.32"]
[White "Reiser, Silas"]
[Black "Stoib, Marinus"]
[Result "0-1"]
[WhiteElo "865"]
[BlackElo "1561"]
[PlyCount "144"]
[EventDate "2015.??.??"]
[WhiteTeam "TV Tegernsee"]
[BlackTeam "TV Tegernsee"]

1. e4 e5 2. Nf3 Nc6 3. d4 exd4 4. Nxd4 Bc5 5. Nc3 Nxd4 6. Be3 Nxc2+ 7. Qxc2 Bb6
8. Nd5 Bxe3 9. Nxe3 Ne7 10. Bc4 O-O 11. O-O Ng6 12. Qc3 d6 13. Nf5 Bxf5 14.
exf5 Ne5 15. Bb3 Nc6 16. Rfe1 Qg5 17. Bc2 Ne5 18. Qh3 h6 19. Re3 Qg4 20. Qxg4
Nxg4 21. Rc3 c6 22. Be4 d5 23. Bf3 Nf6 24. Rb3 b6 25. Rc3 c5 26. Rd1 Rad8 27.
Rcd3 d4 28. Re1 Rfe8 29. Rxe8+ Rxe8 30. h3 Rd8 31. b3 b5 32. Be2 c4 33. bxc4
bxc4 34. Rd1 d3 35. Bf1 Nd5 36. Bxd3 cxd3 37. Rxd3 Rd7 38. g4 Nf6 39. Rxd7 Nxd7
40. Kg2 g6 41. fxg6 fxg6 42. f4 Kf7 43. Kg3 Kf6 44. h4 h5 45. Kf3 Nc5 46. g5+
Kf5 47. Ke3 Kg4 48. f5 gxf5 49. g6 Ne6 50. a3 Kxh4 51. g7 Nxg7 52. Kf4 a6 53.
a4 a5 54. Kf3 Kg5 55. Kg3 f4+ 56. Kf3 h4 57. Kg2 Kg4 58. Kg1 f3 59. Kf2 h3 60.
Kg1 Kg3 61. Kh1 Nf5 62. Kg1 Ne3 63. Kh1 Nd1 64. Kg1 Nf2 65. Kf1 h2 66. Ke1 Ne4
67. Kd1 h1=Q+ 68. Kc2 Qe1 69. Kb3 Qc3+ 70. Ka2 Qb4 71. Ka1 Nd2 72. Ka2 Qb1+ 0-1

[Event "14. Sparkassen Open 2015 - Gruppe C"]
[Site "Forchheim"]
[Date "2015.10.04"]
[Round "5.33"]
[White "Dusel, Thomas"]
[Black "Gehrke, Korbinian"]
[Result "0-1"]
[WhiteElo "1066"]
[BlackElo "1271"]
[PlyCount "72"]
[EventDate "2015.??.??"]
[WhiteTeam "SV Würzburg"]
[BlackTeam "TV Tegernsee"]

1. d4 d5 2. c4 e6 3. Nc3 Nf6 4. Nf3 Bb4 5. Bd2 O-O 6. Qc2 Ng4 7. e4 Bxc3 8.
bxc3 c6 9. e5 b6 10. Ng5 g6 11. Be2 Nh6 12. O-O c5 13. Be3 dxc4 14. Bxc4 Ng4
15. Qd2 Nxe3 16. Qxe3 Nc6 17. Rfd1 Na5 18. Be2 Nc6 19. f4 a5 20. a4 Ba6 21. Bf3
Rc8 22. h4 Ne7 23. Qe4 Nf5 24. Qe1 cxd4 25. h5 Rxc3 26. hxg6 fxg6 27. Rd2 Rd3
28. Raa2 Ne3 29. Kf2 Rxf4 30. Qh1 Qxg5 31. Rxd3 Bxd3 32. Qh3 Be4 33. Ra1 Bxf3
34. gxf3 Rh4 35. Qg4 Qh5 36. Rg1 Rh2+ 0-1

[Event "14. Sparkassen Open 2015 - Gruppe C"]
[Site "Forchheim"]
[Date "2015.10.04"]
[Round "5.34"]
[White "Adelhardt, Lisa"]
[Black "Albayrak, Nese Pinar"]
[Result "1-0"]
[WhiteElo "1028"]
[BlackElo "885"]
[PlyCount "131"]
[EventDate "2015.??.??"]
[WhiteTeam "Schachtreff Röttenbach"]
[BlackTeam "Zabo-Eintracht Nürnberg"]

1. e4 e5 2. Nf3 Nc6 3. Bc4 Bc5 4. c3 Qe7 5. d4 Bb6 6. d5 Na5 7. Be2 d6 8. b4
Bg4 9. bxa5 Bc5 10. Bg5 Nf6 11. h3 Bxf3 12. Bxf3 h6 13. Bh4 g5 14. Bg3 h5 15.
Qa4+ c6 16. dxc6 O-O 17. cxb7 Rab8 18. Qd1 h4 19. Qd2 Nh7 20. Bxh4 gxh4 21. Qh6
Rxb7 22. O-O a6 23. Bg4 f6 24. Qg6+ Qg7 25. Be6+ Kh8 26. Qxg7+ Rxg7 27. Nd2 Ng5
28. Bf5 Nf7 29. Rab1 Rfg8 30. Rb7 Rxg2+ 31. Kh1 Nh6 32. Bg4 Nxg4 33. Kxg2 Nxf2+
34. Kh2 Be3 35. Rxf2 Bxf2 36. Rd7 Be3 37. Rxd6 Bf4+ 38. Kh1 Rg3 39. Rxf6 Rxh3+
40. Kg2 Rg3+ 41. Kf2 h3 42. Rf8+ Kg7 43. Rb8 h2 44. Rb1 Rh3 45. Rh1 Bg3+ 46.
Kg2 Rh5 47. Kxg3 Kf6 48. Rxh2 Rg5+ 49. Kf3 Rg7 50. Rh6+ Kg5 51. Rxa6 Rf7+ 52.
Ke3 Rd7 53. Rb6 Ra7 54. a6 Kg4 55. Nc4 Kg5 56. Nxe5 Ra8 57. Nf7+ Kg4 58. Nd6
Kg5 59. Nb5 Kh4 60. Nc7 Ra7 61. Rb7 Rxb7 62. axb7 Kg4 63. b8=Q Kh3 64. Qg8 Kh4
65. Kf4 Kh3 66. Qg3# 1-0